Women in the ministry of Jesus : (Record no. 10344)
[ view plain ]
| 000 -LEADER | |
|---|---|
| fixed length control field | 02039cam a2200433 a 4500 |
| 001 - CONTROL NUMBER | |
| control field | 9945656 |
| 003 - CONTROL NUMBER IDENTIFIER | |
| control field | OCoLC |
| 005 - DATE AND TIME OF LATEST TRANSACTION | |
| control field | 20241126110730.0 |
| 008 - FIXED-LENGTH DATA ELEMENTS--GENERAL INFORMATION | |
| fixed length control field | 830906s1984 enk b 001 0 eng |
| 010 ## - | |
| -- | 83018957 |
| 020 ## - INTERNATIONAL STANDARD BOOK NUMBER | |
| International Standard Book Number | 0521256585 |
| 020 ## - INTERNATIONAL STANDARD BOOK NUMBER | |
| International Standard Book Number | 9780521256582 |
| 020 ## - INTERNATIONAL STANDARD BOOK NUMBER | |
| International Standard Book Number | 0521347815 |
| 020 ## - INTERNATIONAL STANDARD BOOK NUMBER | |
| International Standard Book Number | 9780521347815 |
| 020 ## - INTERNATIONAL STANDARD BOOK NUMBER | |
| Canceled/invalid ISBN | 9780511520501 |
| Qualifying information | (ebook) |
| 035 ## - SYSTEM CONTROL NUMBER | |
| System control number | (OCoLC)09945656 |
| Canceled/invalid control number | (OCoLC)12513053 |
| -- | (OCoLC)38962726 |
| -- | (OCoLC)1055431957 |
| 040 ## - CATALOGING SOURCE | |
| Original cataloging agency | DLC |
| Language of cataloging | eng |
| Transcribing agency | DLC |
| Modifying agency | UKM |
| -- | MUQ |
| -- | NLGGC |
| -- | BAKER |
| -- | BTCTA |
| -- | YDXCP |
| -- | AU@ |
| -- | SHS |
| -- | GEBAY |
| -- | ZWZ |
| -- | GBVCP |
| -- | OCLCO |
| -- | OCLCF |
| -- | CFT |
| -- | STA |
| -- | TNG |
| -- | OCLCQ |
| -- | PB4 |
| -- | DEBBG |
| -- | UEJ |
| -- | DHA |
| -- | NYHOF |
| -- | OCLCQ |
| -- | OCLCO |
| -- | OCLCA |
| -- | OCLCO |
| -- | CNTCS |
| -- | EMRUN |
| -- | OCLCO |
| -- | OCLCL |
| 043 ## - | |
| -- | a-is--- |
| 050 00 - | |
| -- | BT590.W6 |
| -- | W57 1984 |
| 082 00 - DEWEY DECIMAL CLASSIFICATION NUMBER | |
| Classification number | 220.830542 |
| -- | 232.904 |
| Edition information | 19 |
| Item number | WIT |
| 100 1# - MAIN ENTRY--PERSONAL NAME | |
| Personal name | Witherington, Ben, |
| Titles and words associated with a name | III, |
| Dates associated with a name | 1951- |
| 9 (RLIN) | 14822 |
| 245 10 - TITLE STATEMENT | |
| Title | Women in the ministry of Jesus : |
| Remainder of title | a study of Jesus' attitudes to women and their roles as reflected in his earthly life / |
| Statement of responsibility, etc. | Ben Witherington III |
| 260 ## - PUBLICATION, DISTRIBUTION, ETC. | |
| Place of publication, distribution, etc. | Cambridge [Cambridgeshire] ; |
| -- | New York : |
| Name of publisher, distributor, etc. | Cambridge University Press, |
| Date of publication, distribution, etc. | 1984 |
| 300 ## - PHYSICAL DESCRIPTION | |
| Extent | xi, 221 pages ; |
| Dimensions | 23 cm |
| 336 ## - CONTENT TYPE | |
| Content type term | text |
| Content type code | txt |
| Source | rdacontent |
| 337 ## - MEDIA TYPE | |
| Media type term | unmediated |
| Media type code | n |
| Source | rdamedia |
| 338 ## - CARRIER TYPE | |
| Carrier type term | volume |
| Carrier type code | nc |
| Source | rdacarrier |
| 490 1# - SERIES STATEMENT | |
| Series statement | Monograph series / Society for New Testament Studies ; |
| Volume/sequential designation | 51 |
| 500 ## - GENERAL NOTE | |
| General note | Revision of the author's thesis (Ph. D.)--University of Durham, England, 1981 |
| 500 ## - GENERAL NOTE | |
| General note | Includes indexes |
| 504 ## - BIBLIOGRAPHY, ETC. NOTE | |
| Bibliography, etc. note | Includes bibliographical references (pages 198-211) |
| 505 0# - FORMATTED CONTENTS NOTE | |
| Formatted contents note | Women and their roles in Palestine -- Women in the teaching of Jesus -- Women and the deeds of Jesus -- Women in the ministry of Jesus -- Conclusions and implications |
| 520 ## - SUMMARY, ETC. | |
| Summary, etc. | Revision of thesis (Ph. D.)--University of Durham, England, 1981. Bibliography: p. 198-211. Includes indexes |
| 600 00 - SUBJECT ADDED ENTRY--PERSONAL NAME | |
| Personal name | Jesus Christ |
| General subdivision | Views on women |
| 9 (RLIN) | 8854 |
| 650 #0 - SUBJECT ADDED ENTRY--TOPICAL TERM | |
| Topical term or geographic name entry element | Women in the Bible |
| 9 (RLIN) | 1872 |
| 650 #0 - SUBJECT ADDED ENTRY--TOPICAL TERM | |
| Topical term or geographic name entry element | Women |
| Geographic subdivision | Palestine |
| 9 (RLIN) | 17950 |
| 830 #0 - | |
| -- | Monograph series (Society for New Testament Studies) ; |
| -- | 51 |
| -- | 17951 |
| 942 ## - ADDED ENTRY ELEMENTS (KOHA) | |
| Source of classification or shelving scheme | Dewey Decimal Classification |
| Koha item type | Books |
| Withdrawn status | Lost status | Source of classification or shelving scheme | Damaged status | Not for loan | Home library | Current Library | Shelving location | Date acquired | Total checkouts | Full call number | Barcode | Date last seen | Date last checked out | Copy number | Price effective from | Koha item type |
|---|---|---|---|---|---|---|---|---|---|---|---|---|---|---|---|---|
| Dewey Decimal Classification | GRACE BIBLE COLLEGE | GRACE BIBLE COLLEGE | Biblical Studies | 2024-06-26 | 2 | 220.830542 WIT | 016896 | 2025-08-21 | 2025-08-14 | c.1 | 2024-06-26 | Books | ||||
| Dewey Decimal Classification | GRACE BIBLE COLLEGE | GRACE BIBLE COLLEGE | Biblical Studies | 2024-06-26 | 220.830542 WIT | 016897 | 2025-05-01 | c.2 | 2024-06-26 | Books |